LEADER 01038nam0-22003251i-450- 001 990003992140403321 005 20040119120147.0 010 $a88-458-1070-4 035 $a000399214 035 $aFED01000399214 035 $a(Aleph)000399214FED01 035 $a000399214 100 $a20040119d2003----km-y0itay50------ba 101 0 $aita 102 $aIT 200 1 $aFinanza locale : entrate e spese dei bilanci consuntivi (comuni, province e regioni)$eanno 1999$fIstituto nazionale di statistica$ga cura di Agostino Buratti 210 $aRoma$cIstat$d2003 215 $a437 p.$d26 cm$e1 floppy disk 225 1 $aAnnuario$fIstat$v8 610 0 $aFinanza locale$aItalia$a1999 676 $a336.945 702 1$aBuratti,$bAgostino 710 1$aIstat$0493306 801 0$aIT$bUNINA$gRICA$2UNIMARC 901 $aBK 912 $a990003992140403321 952 $aCDI-FLA-8-03-2$b9635$fMAS 959 $aMAS 996 $aFinanza locale : entrate e spese dei bilanci consuntivi (comuni, province e regioni$9474474 997 $aUNINA LEADER 00818nam0-22003011i-450- 001 990002018910403321 005 20021010 035 $a000201891 035 $aFED01000201891 035 $a(Aleph)000201891FED01 035 $a000201891 100 $a20021010d--------km-y0itay50------ba 101 0 $aita 200 1 $a<>monograph of the british orthoptera.$fJohn Lucas William 210 $aLondon$cRay Society$d1920 215 $a264 p. 25 tav.$d22 cm 610 0 $aOrtotteri 610 0 $aOrtotteroidei 676 $a595.726 700 1$aLucas William,$bJohn$0360141 801 0$aIT$bUNINA$gRICA$2UNIMARC 901 $aBK 912 $a990002018910403321 952 $a61 IV D.3/41$b153$fDAGEN 959 $aDAGEN 996 $aMonograph of the british orthoptera$9405917 997 $aUNINA DB $aING01 LEADER 01037nam--2200361---450 001 990003112430203316 005 20181015095459.0 010 $a978-88-17-02068-8 035 $a000311243 035 $aUSA01000311243 035 $a(ALEPH)000311243USA01 035 $a000311243 100 $a20080529d2008----km-y0itay50------ba 101 $aita 102 $aIT 105 $a||||||||001yy 200 1 $a<> nascita dell'eroe$eAchille, Odisseo, Enea$ele origini della cultura occidentale$fGuido Paduano 210 $aMilano$cRCS$d2008 215 $a205 p.$d20 cm 225 2 $aBUR$iSaggi 410 0$12001$aBUR$iSaggi 606 0 $aLetteratura classica$xTemi [:] Eroi$2BNCF 676 $a809.9352 700 1$aPADUANO,$bGuido$0156702 801 0$aIT$bsalbc$gISBD 912 $a990003112430203316 951 $aVIII.3. 225$b208583 L.M.$cVIII.3.$d00166213 951 $aXVII A.A. 109$b8713 DLAS$cXVII A.A.$d406936 959 $aBK 969 $aUMA 969 $aCAS 996 $aNascita dell'eroe$989179 997 $aUNISA